000 00612nam a2200205Ia 4500
999 _c1523
_d1523
020 _a81-7169-096-3
082 _a305.800954484 JAV-;
100 _aJaved, Arifa Kulsoom
245 0 _aMuslim society in transition: a study of Hyderabad
260 _aNew Delhi
_bCommonwealth Publishers
_c1992
300 _a200p.
504 _aIncludes index
650 _aSociology - Hyderabad
650 _aMuslims - Hyderabad
650 _aSocial classes - Hyderabad
650 _aSociology, Islamic - Hyderabad
650 _aMuslim families - Hyderabad
650 _aHyderabad - Social life and customs
942 _cBK